书目信息 |
| 题名: |
物业设施设备
|
|
| 作者: | 岳娜 , 王忠强 主编 | |
| 分册: | ||
| 出版信息: | 北京 电子工业出版社 2021.02 |
|
| 页数: | 308页 | |
| 开本: | 26cm | |
| 丛书名: | 物业管理系列丛书 | |
| 单 册: | ||
| 中图分类: | F293.347 | |
| 科图分类: | ||
| 主题词: | 物业管理--wu ye guan li--设备管理 | |
| 电子资源: | ||
| ISBN: | 978-7-121-38081-5 | |
| 000 | 01347nam 2200301 450 | |
| 001 | CAL 0120217135584 | |
| 005 | 20210331093255.6 | |
| 010 | @a978-7-121-38081-5@dCNY69.80 | |
| 100 | @a20210331d2021 em y0chiy0120 ea | |
| 101 | 0 | @achi |
| 102 | @aCN@b110000 | |
| 105 | @aa a 000yy | |
| 106 | @ar | |
| 200 | 1 | @a物业设施设备@Awu ye she shi she bei@f主编岳娜, 王忠强 |
| 205 | @a第2版 | |
| 210 | @a北京@c电子工业出版社@d2021.02 | |
| 215 | @a308页@c图@d26cm | |
| 225 | 2 | @a物业管理系列丛书@Awu ye guan li xi lie cong shu |
| 314 | @a岳娜, 中国物业管理协会设施设备技术委员会委员, 中国物业管理协会产、学、研委员会委员, 陕西佳佳物业管理有限公司董事长。 | |
| 320 | @a有书目 (第308页) | |
| 330 | @a本书系统地介绍了工程室内给水排水系统、消防与防排烟系统、燃气供应系统、采暖系统、通风空调系统、建筑供配电、防雷及安全用电、电梯与自动扶梯、通信网络系统、安保系统、智能化系统等物业设备设施, 同时也介绍了暖卫及通风空调工程施工图、电气施工图等内容, 书中各章配有实训项目及思考题。本书将物业设备与设施的基本知识同设备设施的维护与管理紧密结合, 侧重于应用, 具有较强的实用性。 | |
| 410 | 0 | @12001 @a物业管理系列丛书 |
| 606 | 0 | @a物业管理@Awu ye guan li@x设备管理 |
| 690 | @aF293.347@v5 | |
| 701 | 0 | @a岳娜@Ayue na@4主编 |
| 701 | 0 | @a王忠强@Awang zhong qiang@4主编 |
| 801 | 0 | @aCN@b人天书店@c20210331 |
| 905 | @aTSG@b0000661@dF293.347@eY950@f2 | |
| 物业设施设备/主编岳娜, 王忠强.-第2版.-北京:电子工业出版社,2021.02 |
| 308页:图;26cm.-(物业管理系列丛书) |
| ISBN 978-7-121-38081-5:CNY69.80 |
| 本书系统地介绍了工程室内给水排水系统、消防与防排烟系统、燃气供应系统、采暖系统、通风空调系统、建筑供配电、防雷及安全用电、电梯与自动扶梯、通信网络系统、安保系统、智能化系统等物业设备设施, 同时也介绍了暖卫及通风空调工程施工图、电气施工图等内容, 书中各章配有实训项目及思考题。本书将物业设备与设施的基本知识同设备设施的维护与管理紧密结合, 侧重于应用, 具有较强的实用性。 |
| ● |
| 相关链接 |
|
|
|
正题名:物业设施设备
索取号:F293.347/Y950
 
预约/预借
| 序号 | 登录号 | 条形码 | 馆藏地/架位号 | 状态 | 备注 |
| 1 | 1530401 | 215304016 | 社科库409/409社科库 111排2列1层/ [索取号:F293.347/Y950] | 在馆 | |
| 2 | 1530402 | 215304025 | 社科库409/409社科库 111排2列1层/ [索取号:F293.347/Y950] | 在馆 |